Globalization and ethnic identity / (Record no. 141815)

MARC details
000 -LEADER
fixed length control field 00654nam a22002057a 4500
005 - DATE AND TIME OF LATEST TRANSACTION
control field 20170622120948.0
010 ## - LCCN (DPL NO)
LC control number ENG-118782
020 ## - INTERNATIONAL STANDARD BOOK NUMBER
International Standard Book Number 978812870004.
Terms of availability 200.00
035 ## - SYSTEM CONTROL NUMBER
System control number EN-102314
037 ## - SOURCE OF ACQUISITION
Source of stock number/acquisition DBAD/PUB
082 ## - DEWEY DECIMAL CLASSIFICATION NUMBER
Classification number 305.8009541
245 ## - TITLE STATEMENT
Title Globalization and ethnic identity /
Statement of responsibility, etc edited by Henry Lalmawizuala [and] V. Lalmalsawmi
260 ## - PUBLICATION, DISTRIBUTION, ETC. (IMPRINT)
Place of publication, distribution, etc Assam
Name of publisher, distributor, etc Scientfic Book Centre
Date of publication, distribution, etc 2014
270 ## - ADDRESS
Address Hengrabari Housing Road,Dispur, Guwahati, Assam-781006
300 ## - PHYSICAL DESCRIPTION
Extent xii,266p
Dimensions 22cm.(pbk)
500 ## - GENERAL NOTE
General note Includes Index
700 ## - ADDED ENTRY--PERSONAL NAME
Personal name Lalmawizuala, Henry
700 ## - ADDED ENTRY--PERSONAL NAME
Personal name Lalmalsawmi, V.
942 ## - ADDED ENTRY ELEMENTS (KOHA)
Source of classification or shelving scheme Dewey Decimal Classification
Item type English Books
Classification part 305.8009541
Call number suffix GLO
Holdings
Withdrawn status Lost status Not for loan Collection code Home library Current library Date acquired Source of acquisition Cost, normal purchase price Full call number Barcode Copy number Cost, replacement price Koha item type
      Non-fiction Patel Nagar Patel Nagar 22/06/2017 DBAD/PUB 200.00 305.8009541 GLO EN-102314 1 200.00 English Books

© Delhi Public Library
Hit Counter
free hit counter